| 000 | 00340nam a2200097Ia 4500 | ||
|---|---|---|---|
| 082 | _a967.304092 | ||
| 245 | 0 | _aIt's my tender [electronic resource] : your step-by-step guide to tendering | |
| 100 |
_a Sunday Times (Johannesburg, South Africa) [Johannesburg], 2006 _981540 |
||
| 942 | _cBK | ||
| 008 | 210817s9999 xx 000 0 und d | ||
| 999 |
_c290845 _d290844 |
||